000 00283nam a22001337a 4500
008 210303b ||||| |||| 00| 0 eng d
041 _aeng
080 _a616.8
082 _a616.8
100 _a7
101 _aNEU
245 _aMedical Neuroscience
_cDragoi, V
942 _2udc
_cBK
999 _c55631
_d55631